El nuevo sistema de información de marketing (SIMK) : una nueva generación de marketing que trabaja en equipo y por procesos /
Guardado en:
| Autor Principal: | |
|---|---|
| Otros Autores: | |
| Formato: | Libro |
| Idioma: | Spanish |
| Publicado: |
Madrid :
Esic Editorial,
2007.
|
| Series: | Libros profesionales de empresa.
|
| Materias: | |
| Etiquetas: |
Agregar Etiqueta
Sin Etiquetas, Sea el primero en etiquetar este registro!
|
| LEADER | 00932nam a22002175a 4500 | ||
|---|---|---|---|
| 001 | EAD.ead001939 | ||
| 008 | 091202s2007####sp#######b####000#0#spa#d | ||
| 005 | 20241205162702.0 | ||
| 245 | 1 | 3 | |a El nuevo sistema de información de marketing (SIMK) : |b una nueva generación de marketing que trabaja en equipo y por procesos / |c Fermín Garmendia A., John R. Serna P. |
| 260 | |a Madrid : |b Esic Editorial, |c 2007. | ||
| 300 | |a 138 p. ; |c 24 cm. + |e 1 CD-ROM. | ||
| 490 | 1 | |a Libros profesionales de empresa | |
| 504 | |a Incluye referencias bibliográficas (p. [135]-138). | ||
| 020 | |a 9788473564908 | ||
| 100 | 1 | |a Garmendia A., Fermín. | |
| 700 | 1 | |a Serna P., John R. | |
| 830 | 0 | |a Libros profesionales de empresa. | |
| 650 | 7 | |a Marketing. |2 isoc | |
| 650 | 7 | |a Sistemas de información. |2 unbist | |
| 859 | |a AR-BaBDC |b BIB. ADMINISTRACION - Libros |h 658.83 |i G185 |p b06194 | ||
| 859 | |a AR-BaBDC |b BIB. ADMINISTRACION - Libros |h 658.83 |i G185 |p b06217 |v CD |3 CD-ROM | ||
